[Event "White Nights Open 2006"]
[Site "St. Petersburg RUS"]
[Date "2006.06.28"]
[Round "6.19"]
[White "Abramov, Valentin"]
[Black "Kuznetsov, Gennady"]
[Result "1-0"]
[WhiteElo "2333"]
[BlackElo "2154"]
[PlyCount "99"]
[EventDate "2006.06.22"]
[EventType "swiss"]
[EventRounds "9"]
[EventCountry "RUS"]
[Source "lmi"]
[SourceDate "2006.06.29"]

1. d4 d5 2. c4 e6 3. Nf3 Be7 4. e3 Nf6 5. Bd3 O-O 6. O-O dxc4 7. Bxc4 c5 8. Nc3
a6 9. a4 cxd4 10. exd4 Nc6 11. Bg5 Nd5 12. Bxe7 Ncxe7 13. Rc1 Nxc3 14. bxc3 Bd7
15. Ne5 Bc6 16. f4 Rc8 17. Bd3 Qa5 18. Nc4 Qc7 19. Rf2 b5 20. Ne5 Be8 21. axb5
axb5 22. Qh5 f5 23. Qf3 Nd5 24. Rfc2 Qb6 25. Kh1 Rc7 26. h3 Bc6 27. Qf2 Rfc8
28. Rb1 Qa5 29. c4 Nc3 30. cxb5 Be4 31. Qe1 Qb6 32. Bxe4 Nxb1 33. Rxc7 Qxc7 34.
Bc6 Na3 35. Qb4 Nxb5 36. Qxb5 Qe7 37. Bd7 Rd8 38. Qc6 g6 39. Qxe6+ Qxe6 40.
Bxe6+ Kf8 41. d5 Rd6 42. Kg1 Ke7 43. Bg8 Kf6 44. Be6 h6 45. Nf7 Rb6 46. Nxh6
Rb4 47. Ng8+ Kg7 48. d6 Rxf4 49. d7 Rd4 50. Ne7 1-0

[Event "White Nights Open 2006"]
[Site "St. Petersburg RUS"]
[Date "2006.06.28"]
[Round "6.20"]
[White "Fedoseev, Sergey"]
[Black "Krasnov, Vasiliy G"]
[Result "1-0"]
[WhiteElo "2316"]
[BlackElo "2141"]
[PlyCount "79"]
[EventDate "2006.06.22"]
[EventType "swiss"]
[EventRounds "9"]
[EventCountry "RUS"]
[Source "lmi"]
[SourceDate "2006.06.29"]

1. e4 g6 2. d4 Bg7 3. Nf3 c6 4. Nc3 d5 5. h3 Nf6 6. e5 Ne4 7. Bd3 Nxc3 8. bxc3
O-O 9. O-O Qa5 10. Bd2 Qa4 11. Bg5 Re8 12. Qd2 Na6 13. Rab1 b5 14. Bh6 Nc7 15.
Bxg7 Kxg7 16. Nh2 f5 17. exf6+ exf6 18. Qf4 Qa5 19. Ng4 Bxg4 20. Qxg4 Re7 21.
h4 Qxc3 22. h5 Ne6 23. Rbe1 Rae8 24. Bxg6 Qxd4 25. Qxd4 Nxd4 26. Bxe8 Ne2+ 27.
Rxe2 Rxe2 28. Bxc6 b4 29. Bxd5 Rxc2 30. Bb3 Rc5 31. Rd1 a5 32. Rd7+ Kh6 33. g4
f5 34. Bg8 fxg4 35. Rxh7+ Kg5 36. Bb3 Kh4 37. Kg2 Rg5 38. h6 g3 39. Rg7 gxf2+
40. Rxg5 1-0

[Event "White Nights Open 2006"]
[Site "St. Petersburg RUS"]
[Date "2006.06.28"]
[Round "6.21"]
[White "Kostin, Sergei"]
[Black "Kuzmin, Yuriy"]
[Result "1-0"]
[WhiteElo "2280"]
[BlackElo "2114"]
[PlyCount "71"]
[EventDate "2006.06.22"]
[EventType "swiss"]
[EventRounds "9"]
[EventCountry "RUS"]
[Source "lmi"]
[SourceDate "2006.06.29"]

1. d4 Nf6 2. c4 g6 3. Nc3 Bg7 4. e4 O-O 5. f3 d6 6. Bg5 Nc6 7. Nge2 a6 8. Qd2
Re8 9. d5 Na5 10. Nc1 c5 11. Be2 Rb8 12. a4 h5 13. O-O Nh7 14. Be3 e6 15. Rb1
exd5 16. cxd5 Bd7 17. b4 cxb4 18. Rxb4 b5 19. axb5 Qc8 20. N1a2 axb5 21. Rc1
Nc4 22. Bxc4 bxc4 23. Ne2 Rxb4 24. Nxb4 Bb5 25. Nd4 Qb7 26. Qc2 Rc8 27. Nbc6
Bxd4 28. Nxd4 Qa6 29. Qc3 Bd7 30. h3 Nf8 31. h4 f6 32. Nc2 Kf7 33. Bd4 Nh7 34.
Ne3 Bb5 35. Ra1 Ba4 36. Qb4 1-0

[Event "White Nights Open 2006"]
[Site "St. Petersburg RUS"]
[Date "2006.06.28"]
[Round "6.22"]
[White "Serov, Maksim"]
[Black "Efremova, Daria"]
[Result "1/2-1/2"]
[WhiteElo "2263"]
[BlackElo "2018"]
[PlyCount "78"]
[EventDate "2006.06.22"]
[EventType "swiss"]
[EventRounds "9"]
[EventCountry "RUS"]
[Source "lmi"]
[SourceDate "2006.06.29"]

1. d4 Nf6 2. c4 g6 3. f3 Bg7 4. e4 O-O 5. Be3 d6 6. Qd2 Nbd7 7. Nc3 c5 8. Nh3
a6 9. Nf2 Rb8 10. d5 Ne5 11. a4 Qa5 12. Ncd1 Qxd2+ 13. Kxd2 Bd7 14. Nc3 b6 15.
Be2 h6 16. h3 g5 17. g3 Ng6 18. f4 gxf4 19. gxf4 Ne8 20. Rag1 Kh7 21. h4 Bd4
22. Rh2 e5 23. fxe5 dxe5 24. Bg4 Bxg4 25. Rxg4 Nd6 26. b3 f5 27. exf5 Nxf5 28.
Bxd4 Nxd4 29. Kd1 Nf3 30. Rh1 Nfxh4 31. Nfe4 Rf4 32. Rxf4 exf4 33. d6 Kg7 34.
Nd5 Nf5 35. a5 bxa5 36. d7 Nf8 37. Nxc5 a4 38. Nxf4 Kf7 39. Rh5 Ne3+ 1/2-1/2

[Event "White Nights Open 2006"]
[Site "St. Petersburg RUS"]
[Date "2006.06.28"]
[Round "6.23"]
[White "Timchenko, Aleksandr"]
[Black "Nikitinyh, Boris"]
[Result "0-1"]
[WhiteElo "2119"]
[BlackElo "2247"]
[PlyCount "71"]
[EventDate "2006.06.22"]
[EventType "swiss"]
[EventRounds "9"]
[EventCountry "RUS"]
[Source "lmi"]
[SourceDate "2006.06.29"]

1. g3 Nf6 2. Bg2 e5 3. Nf3 Nc6 4. O-O Be7 5. d4 exd4 6. Nxd4 O-O 7. c4 Re8 8.
Nc3 Bc5 9. e3 Ne5 10. b3 c6 11. Bb2 d5 12. cxd5 Nxd5 13. Nxd5 cxd5 14. h3 b6
15. b4 Bf8 16. Qb3 Nc4 17. Rfd1 Be6 18. Nxe6 fxe6 19. e4 Nxb2 20. Qxb2 g6 21.
Rac1 Bg7 22. e5 Rc8 23. f4 Re7 24. Bf1 Bf8 25. Ba6 Rxc1 26. Rxc1 Rc7 27. a3 b5
28. Rxc7 Qxc7 29. Qd4 Qc1+ 30. Kg2 Qxa3 31. Qxa7 Qxb4 32. Qb6 Qd2+ 33. Kf1 Qd3+
34. Kf2 Qc2+ 35. Kf1 Qc4+ 36. Kg2 0-1

[Event "White Nights Open 2006"]
[Site "St. Petersburg RUS"]
[Date "2006.06.28"]
[Round "6.25"]
[White "Korchagina, Viktoria"]
[Black "Andreev, Konstantin"]
[Result "1/2-1/2"]
[WhiteElo "1998"]
[BlackElo "2322"]
[PlyCount "39"]
[EventDate "2006.06.22"]
[EventType "swiss"]
[EventRounds "9"]
[EventCountry "RUS"]
[Source "lmi"]
[SourceDate "2006.06.29"]

1. e4 e5 2. Nf3 Nc6 3. Bb5 a6 4. Ba4 Nf6 5. d4 exd4 6. O-O Be7 7. Re1 b5 8. e5
Nxe5 9. Rxe5 bxa4 10. Nxd4 O-O 11. Nf5 Bb4 12. Bg5 d5 13. Nc3 Bxc3 14. bxc3
Bxf5 15. Rxf5 Qc8 16. Rf4 Ne4 17. Qxd5 Nxg5 18. Qxg5 Qd7 19. Rd4 Qc6 20. Rd3
1/2-1/2

[Event "White Nights Open 2006"]
[Site "St. Petersburg RUS"]
[Date "2006.06.28"]
[Round "6.28"]
[White "Mukhlisov, Vladislav"]
[Black "Zakharov, Yuri"]
[Result "1-0"]
[WhiteElo "2140"]
[BlackElo "1996"]
[PlyCount "57"]
[EventDate "2006.06.22"]
[EventType "swiss"]
[EventRounds "9"]
[EventCountry "RUS"]
[Source "lmi"]
[SourceDate "2006.06.29"]

1. d4 Nf6 2. c4 d6 3. Nc3 g6 4. e4 Bg7 5. Nf3 O-O 6. Be2 Nc6 7. O-O e5 8. d5
Ne7 9. b4 Nh5 10. Re1 Nf4 11. Bf1 Bg4 12. h3 Bd7 13. Kh2 f5 14. Bxf4 fxe4 15.
Bxe5 dxe5 16. Nxe4 Nf5 17. c5 Nd4 18. Nxd4 exd4 19. Qb3 Kh8 20. Rad1 Qh4 21. g3
Qe7 22. f4 Rae8 23. d6 Qe6 24. Qxe6 Bxe6 25. dxc7 Bd7 26. Nd6 Rxe1 27. Rxe1 Bf6
28. Bc4 b6 29. c6 1-0

[Event "White Nights Open 2006"]
[Site "St. Petersburg RUS"]
[Date "2006.06.28"]
[Round "6.29"]
[White "Sichinava, Zviad"]
[Black "Kostyuchenko, Vladimir"]
[Result "1/2-1/2"]
[WhiteElo "2021"]
[BlackElo "2138"]
[PlyCount "96"]
[EventDate "2006.06.22"]
[EventType "swiss"]
[EventRounds "9"]
[EventCountry "RUS"]
[Source "lmi"]
[SourceDate "2006.06.29"]

1. d4 Nf6 2. c4 e6 3. Nf3 d5 4. g3 dxc4 5. Bg2 a6 6. a4 c5 7. O-O Nc6 8. dxc5
Qxd1 9. Rxd1 Bxc5 10. Nbd2 Ng4 11. Ne4 Be7 12. Nd6+ Bxd6 13. Rxd6 Ke7 14. Rd1
Rd8 15. Rxd8 Kxd8 16. h3 Nf6 17. Bg5 e5 18. Nd2 Na5 19. Be3 Ke7 20. Bb6 Nb3 21.
Nxb3 cxb3 22. Rc1 e4 23. Rc7+ Ke8 24. Bd4 Be6 25. Bxf6 gxf6 26. Bxe4 a5 27.
Rxb7 Rc8 28. f4 f5 29. Bd3 Rc1+ 30. Kf2 Ra1 31. g4 fxg4 32. f5 Bc8 33. Rb8 gxh3
34. Kg3 Rc1 35. Ra8 Kd7 36. Rxa5 Rc2 37. Ra7+ Kd6 38. Rxf7 Rxb2 39. f6 Rd2 40.
Re7 b2 41. Bxh7 Be6 42. Rb7 Rxe2 43. f7 Rg2+ 44. Kf4 Bxf7 45. Bf5 Rh2 46. Rb6+
Kc5 47. Rh6 Kb4 48. Be4 Kxa4 1/2-1/2

[Event "White Nights Open 2006"]
[Site "St. Petersburg RUS"]
[Date "2006.06.28"]
[Round "6.30"]
[White "Orlov, Oleg"]
[Black "Nikologorskiy, Konstantin"]
[Result "1-0"]
[WhiteElo "2134"]
[BlackElo "1946"]
[PlyCount "131"]
[EventDate "2006.06.22"]
[EventType "swiss"]
[EventRounds "9"]
[EventCountry "RUS"]
[Source "lmi"]
[SourceDate "2006.06.29"]

1. Nf3 Nf6 2. c4 c6 3. g3 d5 4. b3 Bf5 5. Bg2 Nbd7 6. Bb2 Qb6 7. d3 Rd8 8. Qc2
e6 9. O-O Bd6 10. Nc3 O-O 11. Rad1 e5 12. e4 Be6 13. h3 d4 14. Ne2 c5 15. Ng5
h6 16. Nxe6 fxe6 17. f4 Qc7 18. Bc1 Nh5 19. Qd2 a6 20. Kh1 b5 21. f5 exf5 22.
exf5 Nhf6 23. g4 bxc4 24. bxc4 Nh7 25. Ng3 Ndf6 26. Qe2 Qe7 27. h4 e4 28. Nxe4
Nxe4 29. Bxe4 Qxh4+ 30. Kg1 Ng5 31. Bxg5 hxg5 32. Qg2 Rf6 33. Rf3 Rh6 34. Kf1
Rb8 35. Rf2 Bf4 36. Rc2 Rhb6 37. Qh1 Qxh1+ 38. Bxh1 Rb2 39. Rxb2 Rxb2 40. a4 a5
41. Re1 Be3 42. Bd5+ Kf8 43. Re2 Rb1+ 44. Kg2 Rb3 45. Be4 Bf4 46. Kf3 Rb6 47.
Ba8 g6 48. Ke4 gxf5+ 49. gxf5 Ra6 50. Bb7 Ra7 51. Rb2 Bc1 52. Rb1 Ba3 53. f6
Bb4 54. Bd5 Rh7 55. Rg1 Bd2 56. Rg2 Rh4+ 57. Kf5 Rf4+ 58. Kg6 Be1 59. Bc6 Bf2
60. Rh2 Rh4 61. Rxf2 Rh7 62. Kxh7 Kf7 63. Bd5+ Kf8 64. Be6 g4 65. Rb2 g3 66.
Rb8# 1-0

[Event "White Nights Open 2006"]
[Site "St. Petersburg RUS"]
[Date "2006.06.28"]
[Round "6.31"]
[White "Aseeva, Marina"]
[Black "Matrosov, Vladimir"]
[Result "1-0"]
[WhiteElo "2131"]
[BlackElo "2082"]
[PlyCount "109"]
[EventDate "2006.06.22"]
[EventType "swiss"]
[EventRounds "9"]
[EventCountry "RUS"]
[Source "lmi"]
[SourceDate "2006.06.29"]

1. e4 e6 2. d4 d5 3. Nc3 Nf6 4. e5 Nfd7 5. f4 c5 6. Nf3 Nc6 7. Be3 cxd4 8. Nxd4
Bc5 9. Qd2 Nxd4 10. Bxd4 Bxd4 11. Qxd4 f6 12. exf6 Qxf6 13. O-O-O O-O 14. g3
Nb6 15. Bh3 Bd7 16. Bg2 Rac8 17. Rhe1 Rc7 18. Qxf6 Rxf6 19. Ne2 Nc4 20. Nd4 Nd6
21. Re5 Kf7 22. Rde1 Nb5 23. Nf3 h6 24. Bh3 Rc8 25. Rxd5 exd5 26. Bxd7 Rc5 27.
b4 Rcc6 28. Ne5+ Kg8 29. Nxc6 bxc6 30. Re8+ Kf7 31. Rc8 Nd4 32. c3 Ke7 33. Bg4
Nb5 34. Kd2 g5 35. a4 Nd6 36. Rc7+ Kf8 37. fxg5 hxg5 38. Ke3 a5 39. Kd4 axb4
40. cxb4 Rf2 41. Rxc6 Rd2+ 42. Ke3 Ne4 43. Bf3 Rxh2 44. Bxe4 dxe4 45. Kxe4 Rf2
46. a5 Ke7 47. a6 Ra2 48. b5 Ra5 49. Rc5 g4 50. Kd4 Kd6 51. Rc6+ Kd7 52. Kc5
Ra3 53. Rg6 Rxg3 54. a7 Ra3 55. Ra6 1-0

[Event "White Nights Open 2006"]
[Site "St. Petersburg RUS"]
[Date "2006.06.28"]
[Round "6.32"]
[White "Smirnov, Vladimir G"]
[Black "Eltsov, Valery"]
[Result "1-0"]
[WhiteElo "1766"]
[BlackElo "2126"]
[PlyCount "91"]
[EventDate "2006.06.22"]
[EventType "swiss"]
[EventRounds "9"]
[EventCountry "RUS"]
[Source "lmi"]
[SourceDate "2006.06.29"]

1. d4 d5 2. Nf3 c6 3. e3 Bg4 4. Be2 e6 5. Ne5 Bxe2 6. Qxe2 Nf6 7. O-O Bd6 8. c4
Nbd7 9. f4 O-O 10. Nc3 Ne4 11. Nxe4 dxe4 12. Bd2 f5 13. b4 Qe7 14. Rab1 Rac8
15. c5 Bc7 16. Nxd7 Qxd7 17. Qc4 Bd8 18. Rfc1 Rf7 19. a4 Bf6 20. Be1 g5 21. Bg3
h5 22. fxg5 Bxg5 23. Re1 f4 24. exf4 Bxf4 25. Rxe4 Bxg3 26. hxg3 Rd8 27. Rf1
Qd5 28. Qxd5 Rxd5 29. b5 Rg7 30. Rf3 e5 31. Rxe5 Rxd4 32. bxc6 bxc6 33. Rxh5
Rxa4 34. Rh6 Ra1+ 35. Kh2 Rc1 36. Rf5 Rc3 37. Rxc6 Rcxg3 38. Rc8+ Kh7 39. Rh5+
Kg6 40. Kxg3 Kxh5+ 41. Kf3 Kg5 42. Ke4 Kh6 43. Rh8+ Kg6 44. Kd5 Kf7 45. c6 Rxg2
46. c7 1-0

[Event "White Nights Open 2006"]
[Site "St. Petersburg RUS"]
[Date "2006.06.28"]
[Round "6.34"]
[White "Borisova, Elizaveta"]
[Black "Barinova, Valerija"]
[Result "1-0"]
[WhiteElo "2214"]
[BlackElo "1957"]
[PlyCount "61"]
[EventDate "2006.06.22"]
[EventType "swiss"]
[EventRounds "9"]
[EventCountry "RUS"]
[Source "lmi"]
[SourceDate "2006.06.29"]

1. e4 c6 2. d4 d5 3. Nc3 dxe4 4. Nxe4 Nf6 5. Nxf6+ gxf6 6. c3 Qc7 7. Bd3 Nd7 8.
Ne2 Nb6 9. Ng3 Bd7 10. Qf3 Nd5 11. c4 Nb4 12. Bb1 c5 13. d5 Qe5+ 14. Qe4 O-O-O
15. O-O b6 16. a3 Na6 17. Re1 Qxe4 18. Nxe4 Bg7 19. Ng3 Bf8 20. Bd2 e5 21. f4
Bh6 22. Ne4 Ba4 23. Nxf6 exf4 24. Bf5+ Kb8 25. Bc3 Bg7 26. Re7 Bxf6 27. Bxf6
Rhe8 28. Rae1 Nc7 29. Kf2 h6 30. Rxf7 Rf8 31. Ree7 1-0

[Event "White Nights Open 2006"]
[Site "St. Petersburg RUS"]
[Date "2006.06.28"]
[Round "6.35"]
[White "Gershun, Dmitry"]
[Black "Bystryakova, Elena V"]
[Result "1/2-1/2"]
[WhiteElo "2039"]
[BlackElo "2191"]
[PlyCount "158"]
[EventDate "2006.06.22"]
[EventType "swiss"]
[EventRounds "9"]
[EventCountry "RUS"]
[Source "lmi"]
[SourceDate "2006.06.29"]

1. e4 c6 2. d4 d5 3. Nc3 dxe4 4. Nxe4 Bf5 5. Ng3 Bg6 6. h4 h6 7. Nf3 Nf6 8. Ne5
Bh7 9. Bd3 Nbd7 10. Bxh7 Nxe5 11. Bf5 Ned7 12. c3 e6 13. Bc2 c5 14. O-O cxd4
15. Qxd4 Bc5 16. Qa4 O-O 17. Ne4 Be7 18. Nxf6+ Nxf6 19. Be3 Qd5 20. Rad1 Qh5
21. g3 g6 22. Qf4 Kg7 23. Bd4 g5 24. Qe4 Rg8 25. hxg5 hxg5 26. Kg2 g4 27. Rh1
Qb5 28. Qxg4+ Kf8 29. Qf3 e5 30. Be3 Ng4 31. Bb3 Qc6 32. Bd5 Qf6 33. Qe4 Nxe3+
34. fxe3 Qg6 35. Qxg6 Rxg6 36. Rdf1 Rd8 37. Rxf7+ Ke8 38. Rhh7 Rxd5 39. Rxe7+
Kf8 40. Rxb7 Kg8 41. Rhd7 Rxd7 42. Rxd7 Rb6 43. Rxa7 Rxb2+ 44. Kf3 Rc2 45. Re7
Rxc3 46. Rxe5 Ra3 47. Re7 Rxa2 48. Kf4 Kf8 49. Rb7 Rf2+ 50. Kg4 Re2 51. Kf3 Re1
52. Kf2 Ra1 53. g4 Rc1 54. e4 Rc3 55. Rb1 Kf7 56. Re1 Kf6 57. Re3 Rc2+ 58. Kf3
Rc1 59. Kf4 Rf1+ 60. Rf3 Re1 61. g5+ Kg6 62. Rg3 Rf1+ 63. Ke5 Ra1 64. Ke6 Ra6+
65. Ke5 Ra5+ 66. Kf4 Ra1 67. Rg4 Rf1+ 68. Ke5 Ra1 69. Rg3 Ra5+ 70. Kf4 Ra1 71.
Rd3 Rf1+ 72. Ke5 Rg1 73. Rd8 Rxg5+ 74. Ke6 Kg7 75. e5 Rg6+ 76. Ke7 Ra6 77. e6
Ra7+ 78. Ke8 Kf6 79. Rd6 Re7+ 1/2-1/2

[Event "White Nights Open 2006"]
[Site "St. Petersburg RUS"]
[Date "2006.06.28"]
[Round "6.36"]
[White "Meiling, Yakov"]
[Black "Ezov, Roman"]
[Result "0-1"]
[WhiteElo "1974"]
[BlackElo "2133"]
[PlyCount "60"]
[EventDate "2006.06.22"]
[EventType "swiss"]
[EventRounds "9"]
[EventCountry "RUS"]
[Source "lmi"]
[SourceDate "2006.06.29"]

1. d4 Nf6 2. c4 c5 3. d5 e6 4. Nc3 exd5 5. cxd5 d6 6. e4 g6 7. Nf3 Bg7 8. Be2
O-O 9. O-O Re8 10. Nd2 Nbd7 11. f3 a6 12. a4 Qc7 13. Nc4 Nb6 14. Be3 Nxc4 15.
Bxc4 Rb8 16. Qd2 Nd7 17. Rab1 Ne5 18. b3 f5 19. Rfe1 Bd7 20. Bf4 b5 21. Bxe5
Bxe5 22. axb5 axb5 23. Bd3 c4 24. bxc4 bxc4 25. Bc2 Qa5 26. Rxb8 Rxb8 27. Nb1
Qxd2 28. Nxd2 Rb2 29. Rc1 Bf4 30. Nxc4 Bxc1 0-1

[Event "White Nights Open 2006"]
[Site "St. Petersburg RUS"]
[Date "2006.06.28"]
[Round "6.37"]
[White "Nikolaev, Yury"]
[Black "Maznov, Sergey"]
[Result "0-1"]
[WhiteElo "2110"]
[BlackElo "2064"]
[PlyCount "88"]
[EventDate "2006.06.22"]
[EventType "swiss"]
[EventRounds "9"]
[EventCountry "RUS"]
[Source "lmi"]
[SourceDate "2006.06.29"]

1. Nf3 d5 2. d4 c6 3. c4 Nf6 4. Nc3 Bf5 5. Qb3 Qb6 6. c5 Qxb3 7. axb3 Nfd7 8.
e3 e5 9. b4 f6 10. b5 Be6 11. b6 a6 12. b4 Be7 13. b5 O-O 14. bxa6 Nxa6 15.
Bxa6 Bxc5 16. dxc5 Nxc5 17. Ba3 Rxa6 18. O-O Rfa8 19. Bxc5 Rxa1 20. Nd2 Bf5 21.
e4 d4 22. exf5 dxc3 23. Nb3 Rxf1+ 24. Kxf1 Ra2 25. Ke1 Kf7 26. Kd1 h5 27. h4 g6
28. fxg6+ Kxg6 29. Be3 f5 30. Nc1 Ra5 31. g3 Rb5 32. Nd3 Kf6 33. Kc2 Ke6 34.
Kxc3 Kd5 35. Nb4+ Ke4 36. Kc4 f4 37. gxf4 exf4 38. Bc5 Kf3 39. Nd3 Kg4 40. Kd4
Kxh4 41. Ke4 Kg5 42. Be7+ Kh6 43. Bd8 f3 44. Kxf3 Rd5 0-1

[Event "White Nights Open 2006"]
[Site "St. Petersburg RUS"]
[Date "2006.06.28"]
[Round "6.38"]
[White "Gnidenko, Andrey"]
[Black "Penkov, Aleksey"]
[Result "1-0"]
[WhiteElo "2095"]
[BlackElo "2006"]
[PlyCount "65"]
[EventDate "2006.06.22"]
[EventType "swiss"]
[EventRounds "9"]
[EventCountry "RUS"]
[Source "lmi"]
[SourceDate "2006.06.29"]

1. d4 d5 2. c4 c6 3. Nc3 e5 4. cxd5 cxd5 5. dxe5 d4 6. Ne4 Qa5+ 7. Nd2 Nc6 8.
Ngf3 Bg4 9. Qb3 Bxf3 10. gxf3 Nb4 11. Bh3 Qxe5 12. Nc4 Qd5 13. Bd2 Na6 14. Qa4+
Qc6 15. Qxc6+ bxc6 16. Ne5 c5 17. Bd7+ Ke7 18. Bb5 Nc7 19. Bc4 Ne6 20. Bd5 Rc8
21. Ba5 Kd6 22. Nxf7+ Kxd5 23. Nxh8 Be7 24. Nf7 Rf8 25. e4+ dxe3 26. Rd1+ Kc6
27. Ne5+ Kb5 28. Bc3 Bh4 29. a4+ Kxa4 30. Ra1+ Kb3 31. Kd1 e2+ 32. Kc1 Bg5+ 33.
Kb1 1-0

[Event "White Nights Open 2006"]
[Site "St. Petersburg RUS"]
[Date "2006.06.28"]
[Round "6.39"]
[White "Kosov, Igor"]
[Black "Bogdanov, Andrei"]
[Result "0-1"]
[WhiteElo "1684"]
[BlackElo "2089"]
[PlyCount "54"]
[EventDate "2006.06.22"]
[EventType "swiss"]
[EventRounds "9"]
[EventCountry "RUS"]
[Source "lmi"]
[SourceDate "2006.06.29"]

1. d4 Nf6 2. c4 e6 3. Nf3 c5 4. d5 exd5 5. cxd5 d6 6. Nc3 g6 7. e4 a6 8. a4 Bg7
9. Bd3 O-O 10. O-O Re8 11. Re1 Nbd7 12. Bc4 Ng4 13. h3 Nge5 14. Bb3 f5 15. Nxe5
Nxe5 16. exf5 Bxf5 17. Bc2 Bxc2 18. Qxc2 Nf3+ 19. gxf3 Rxe1+ 20. Kh2 Qf8 21.
Qd2 Rae8 22. Ne4 Qxf3 23. Qxe1 Rxe4 24. Qf1 Re2 25. Kg1 Bd4 26. Be3 Bxe3 27.
fxe3 Qg3+ 0-1

[Event "White Nights Open 2006"]
[Site "St. Petersburg RUS"]
[Date "2006.06.28"]
[Round "6.41"]
[White "Kopasov, Alexander"]
[Black "Utkin, Vladimir"]
[Result "1/2-1/2"]
[WhiteElo "1959"]
[BlackElo "2075"]
[PlyCount "69"]
[EventDate "2006.06.22"]
[EventType "swiss"]
[EventRounds "9"]
[EventCountry "RUS"]
[Source "lmi"]
[SourceDate "2006.06.29"]

1. d4 d5 2. c4 e6 3. Nc3 c5 4. cxd5 exd5 5. Nf3 Nc6 6. dxc5 d4 7. Na4 b5 8.
cxb6 axb6 9. e3 Bb4+ 10. Bd2 dxe3 11. fxe3 Qe7 12. Bb5 Qxe3+ 13. Qe2 Qxe2+ 14.
Kxe2 Ba6 15. Bxa6 Rxa6 16. Rhc1 Nge7 17. Nc3 O-O 18. a3 Bd6 19. Ne4 Bb8 20. b4
Ne5 21. b5 Ra4 22. Bb4 Rd8 23. Rd1 Nd5 24. Nc3 Nxc3+ 25. Bxc3 Re4+ 26. Kf1 Re8
27. Nxe5 Bxe5 28. Bxe5 R4xe5 29. Re1 f6 30. a4 Rf5+ 31. Kg1 Kf7 32. Rxe8 Kxe8
33. a5 bxa5 34. Rxa5 h5 35. Ra7 1/2-1/2

[Event "White Nights Open 2006"]
[Site "St. Petersburg RUS"]
[Date "2006.06.28"]
[Round "6.44"]
[White "Ryzhkov, Vjacheslav"]
[Black "Tukan, Ekaterina"]
[Result "1/2-1/2"]
[WhiteElo "2085"]
[BlackElo "1974"]
[PlyCount "75"]
[EventDate "2006.06.22"]
[EventType "swiss"]
[EventRounds "9"]
[EventCountry "RUS"]
[Source "lmi"]
[SourceDate "2006.06.29"]

1. e4 e5 2. Nf3 Nc6 3. Bb5 a6 4. Bxc6 dxc6 5. d4 exd4 6. Qxd4 Qxd4 7. Nxd4 Bc5
8. Be3 Nf6 9. f3 O-O 10. Nc3 Re8 11. O-O-O b5 12. Bf4 Bb7 13. Bxc7 Rac8 14. Bf4
Bxd4 15. Rxd4 c5 16. Rd6 Bc6 17. Rhd1 c4 18. Bg5 b4 19. Bxf6 gxf6 20. Nd5 Bxd5
21. R1xd5 Re6 22. Rxe6 fxe6 23. Rd6 a5 24. Rxe6 Kf7 25. Rd6 Rc5 26. Rd5 Rxd5
27. exd5 Ke7 28. a4 Kd6 29. Kd2 Kxd5 30. h4 f5 31. g4 fxg4 32. fxg4 Ke4 33. c3
b3 34. g5 Kf4 35. Ke2 Kg4 36. Ke3 Kxh4 37. Kf4 Kh5 38. Kf5 1/2-1/2

[Event "White Nights Open 2006"]
[Site "St. Petersburg RUS"]
[Date "2006.06.28"]
[Round "6.45"]
[White "Rumiantseva, Maria"]
[Black "Manina, Ksenia"]
[Result "1-0"]
[WhiteElo "2017"]
[BlackElo "2072"]
[PlyCount "69"]
[EventDate "2006.06.22"]
[EventType "swiss"]
[EventRounds "9"]
[EventCountry "RUS"]
[Source "lmi"]
[SourceDate "2006.06.29"]

1. d4 g6 2. c4 Bg7 3. Nc3 d6 4. e4 Nc6 5. Be3 e5 6. d5 Nd4 7. Nge2 Nxe2 8. Bxe2
Ne7 9. O-O O-O 10. b4 f5 11. f3 f4 12. Bf2 g5 13. c5 h5 14. cxd6 cxd6 15. Rc1
Kh8 16. Nb5 b6 17. a4 Rg8 18. a5 Bf8 19. Rc7 bxa5 20. bxa5 Ba6 21. Rxa7 Rxa7
22. Bb6 Qd7 23. Nxa7 Bxe2 24. Qxe2 g4 25. Qb5 Qxb5 26. Nxb5 Nc8 27. Bc7 Rg7 28.
a6 Kg8 29. Bb8 Nb6 30. a7 Na8 31. Nc7 Nb6 32. Kf2 g3+ 33. hxg3 fxg3+ 34. Kg1 h4
35. Rb1 1-0

[Event "White Nights Open 2006"]
[Site "St. Petersburg RUS"]
[Date "2006.06.28"]
[Round "6.47"]
[White "Kuzmin, Yury"]
[Black "Nezbailo, Dmitry"]
[Result "1-0"]
[WhiteElo "2000"]
[BlackElo "2057"]
[PlyCount "147"]
[EventDate "2006.06.22"]
[EventType "swiss"]
[EventRounds "9"]
[EventCountry "RUS"]
[Source "lmi"]
[SourceDate "2006.06.29"]

1. d4 Nf6 2. Nf3 g6 3. Bg5 Bg7 4. Nbd2 d5 5. e3 O-O 6. Ne5 Nfd7 7. Nxd7 Nxd7 8.
f4 c6 9. c3 Qc7 10. Be2 f6 11. Bh4 e5 12. fxe5 fxe5 13. Bf2 Re8 14. O-O Nf8 15.
Bg3 Qe7 16. dxe5 Bxe5 17. Bxe5 Qxe5 18. Rf3 Bf5 19. Qf1 Ne6 20. Bd3 Ng5 21. Rg3
Ne4 22. Nxe4 Bxe4 23. Bxe4 Qxe4 24. Rf3 Rf8 25. Qf2 Rxf3 26. gxf3 Qd3 27. Re1
Re8 28. Qe2 Qxe2 29. Rxe2 Kf7 30. Kf2 Kf6 31. b3 g5 32. h3 Kf5 33. Rc2 h5 34.
c4 Ke5 35. cxd5 Kxd5 36. Rc4 c5 37. e4+ Kd6 38. b4 cxb4 39. Rxb4 b6 40. Rd4+
Ke6 41. Rd5 Kf6 42. Ke3 Rc8 43. Kd2 Rc4 44. Rd7 Ra4 45. Rd6+ Ke7 46. Rg6 Rxa2+
47. Ke3 Ra3+ 48. Kf2 Ra5 49. Kg3 Kf7 50. Rh6 Kg7 51. Rxh5 Kg6 52. Rh8 Ra1 53.
Ra8 a5 54. Ra6 Rb1 55. h4 gxh4+ 56. Kxh4 Kf6 57. f4 Rb4 58. Kg4 Rxe4 59. Rxb6+
Ke7 60. Kf5 Rb4 61. Ra6 a4 62. Ra7+ Kf8 63. Kg5 Kg8 64. f5 Kf8 65. Kg6 Ke8 66.
Ra8+ Kd7 67. Kf7 Rf4 68. f6 Kd6 69. Ra6+ Kd7 70. Kf8 a3 71. f7 Rf3 72. Ra7+ Kd6
73. Ke8 Kc5 74. Rxa3 1-0

[Event "White Nights Open 2006"]
[Site "St. Petersburg RUS"]
[Date "2006.06.28"]
[Round "6.51"]
[White "Bazhenova, Dina"]
[Black "Chernov, Vladimir E"]
[Result "1-0"]
[WhiteElo "1858"]
[BlackElo "2030"]
[PlyCount "123"]
[EventDate "2006.06.22"]
[EventType "swiss"]
[EventRounds "9"]
[EventCountry "RUS"]
[Source "lmi"]
[SourceDate "2006.06.29"]

1. e4 c5 2. Nf3 Nc6 3. d4 cxd4 4. Nxd4 Nf6 5. Nc3 e5 6. Ndb5 d6 7. a4 Be7 8.
Be2 O-O 9. O-O a6 10. Na3 Be6 11. Bc4 Rc8 12. Bg5 Ne8 13. Bxe7 Nxe7 14. Bd5
Bxd5 15. Nxd5 f5 16. Nxe7+ Qxe7 17. Qd5+ Qf7 18. Qxf7+ Rxf7 19. exf5 Rxf5 20.
Rad1 Rf4 21. b3 Rc3 22. Rd2 Kf7 23. Nc4 b5 24. axb5 axb5 25. Ne3 Rd4 26. Rfd1
Rxd2 27. Rxd2 Ke6 28. Kf1 Nf6 29. Ke2 d5 30. Nd1 Rc8 31. c3 Ne4 32. Rc2 d4 33.
c4 Nc5 34. Ra2 b4 35. Rb2 g5 36. f3 h5 37. Nf2 Kf5 38. Nd3 Nxd3 39. Kxd3 g4 40.
fxg4+ hxg4 41. Rf2+ Ke6 42. Ke4 Rd8 43. Rf5 d3 44. Rxe5+ Kf6 45. Rf5+ Kg6 46.
Rf1 Rh8 47. Kxd3 Rxh2 48. Rf2 Rh1 49. c5 Rd1+ 50. Rd2 Rf1 51. Kc4 Rf4+ 52. Rd4
Rf2 53. Rxg4+ Kf5 54. Rd4 Rxg2 55. Kxb4 Ke5 56. Rd8 Rc2 57. Kb5 Ke6 58. b4 Ke7
59. Rd1 Rb2 60. c6 Rc2 61. Kb6 Rc4 62. b5 1-0